000 00956nam a2200301 a 4500
001 70429
003 BD-RjUL
005 20211209082010.0
008 170417s1987 pauaf b 001 0 eng
020 _a0030051436
035 _a(BD-RjUL)70643
040 _aDLC
_cDLC
_dBD-RjUL
_beng
041 _aeng
082 0 0 _a520
_223
_bABE 1987
100 1 _aAbell, George O.
_q(George Ogden),
_d1927-1983.
_9208505
245 1 0 _aExploration of the universe /
_cGeorge O. Abell, David Morrison, Sidney C. Wolff.
250 _a5th ed.
260 _aPhiladelphia :
_bSaunders College Pub.,
_cc1987.
300 _ax, 748 p. :
_bill. ;
_c26 cm.
490 0 _aSaunders golden sunburst series
504 _aIncludes index and bibliography
650 0 _aAstronomy.
_9208506
700 1 _aMorrison, David,
_d1940-
_9208507
700 1 _aWolff, Sidney C.
_9208508
830 _aSaunders golden sunburst series
_9126102
942 _2ddc
_cBK
999 _c70429
_d70429